| 000 | 00695cab a2200229 4500 | ||
|---|---|---|---|
| 001 | WB3302-05 | ||
| 008 | 090401t1997 xxu||||| |||| 00| 0 eng d | ||
| 035 | _a(Sirsi) u19352 | ||
| 041 | _aeng | ||
| 245 | _aAdmiralty Arch | ||
| 260 | _c1997 | ||
| 350 | _a0 | ||
| 490 |
_aSunday Telegraph _v5 January 1997, 7(2) |
||
| 520 | _aAdmiralty Arch is to become a centre of tourism, business and the arts. Government proposals to privatise the building were shelved in early 1996. | ||
| 650 | _aADMIRALTY ARCH | ||
| 650 | _aDEFENCE PROPERTY | ||
| 650 | _aGOVERNMENT PROPERTY | ||
| 650 | _aMINISTRY OF DEFENCE | ||
| 690 | _aPROPERTY-COMMERCIAL PROPERTY | ||
| 942 | _n0 | ||
| 948 | _c04/03/1997 | ||
| 999 |
_c12912 _d12912 |
||